|
|
|
|
| LEADER |
00000nam0a2200000 4500 |
| 001 |
188763 |
| 005 |
20231101224146.0 |
| 010 |
|
|
|a 9785769211409
|
| 035 |
|
|
|a (RuTPU)RU\TPU\book\205018
|
| 090 |
|
|
|a 188763
|
| 100 |
|
|
|a 20101213d2010 k y0rusy50 ca
|
| 101 |
0 |
|
|a rus
|
| 102 |
|
|
|a RU
|
| 105 |
|
|
|a a z 001zy
|
| 200 |
1 |
|
|a Оценка и прогноз канцерогенной опасности для населения угледобывающих регионов России и Украины (на примере Кемеровской и Донецкой областей)
|f Российская академия наук (РАН), Сибирское отделение (СО), Институт экологии человека ; Российская академия наук (РАН), Сибирское отделение (СО), Институт угля и углехимии (ИУУ) ; Российская академия наук (РАН), Сибирское отделение (СО), Институт химической биологии и фундаментальной медицины ; Национальная академия наук Украины (НАНУ), Донецкий научный центр (ДНЦ) ; Донецкий государственный медицинский университет им. М. Горького ; под ред. А. Н. Глушкова ; Г. В. Бондаря
|
| 210 |
|
|
|a Новосибирск
|c Изд-во СО РАН
|d 2010
|
| 215 |
|
|
|a 156 с.
|c ил.
|
| 320 |
|
|
|a Библиогр.: с. 144-151.
|
| 330 |
|
|
|a В монографии рассмотрены проблемы оценки канцерогенного влияния на человека базовых отраслей промышленности угледобывающих регионов. Даны краткие экологические характеристики Кемеровской области (Россия) и Донецкой области (Украина), а также сравнительный анализ онкологической заболеваемости населения этих регионов. Выявлены взаимосвязи между количеством добываемого и перерабатываемого угля и промышленных выбросов в атмосферу и заболеваемостью злокачественными новообразованиями, рассчитаны варианты среднесрочного прогноза заболеваемости раком легкого. Даны оценки канцерогенных рисков и сравнительный анализ интенсивности мутационного процесса в условиях углеперерабатывающих производств различного профиля, описано влияние радона на возникновение злокачественных новообразований. Представлены новые лабораторные методы исследования канцерогенеза у человека.
|
| 606 |
1 |
|
|a Промышленная экология
|2 stltpush
|3 (RuTPU)RU\TPU\subj\52249
|9 70735
|
| 606 |
1 |
|
|a Вредные вещества в промышленности
|2 stltpush
|3 (RuTPU)RU\TPU\subj\67688
|9 83397
|
| 610 |
1 |
|
|a угледобывающие регионы
|
| 610 |
1 |
|
|a канцерогенная опасность
|
| 610 |
1 |
|
|a Россия
|
| 610 |
1 |
|
|a Украина
|
| 610 |
1 |
|
|a Кемеровская область
|
| 610 |
1 |
|
|a Донецкая область
|
| 610 |
1 |
|
|a злокачественные новообразования
|
| 610 |
1 |
|
|a заболеваемость
|
| 610 |
1 |
|
|a рабочие
|
| 610 |
1 |
|
|a углеперерабатывающий комплекс
|
| 610 |
1 |
|
|a канцерогенез
|
| 675 |
|
|
|a 504.064
|v 3
|
| 675 |
|
|
|a 613.63
|v 3
|
| 702 |
|
1 |
|a Глушков
|b А. Н.
|4 340
|
| 702 |
|
1 |
|a Бондарь
|b Г. В.
|4 340
|
| 712 |
0 |
2 |
|a Российская академия наук (РАН)
|b Сибирское отделение (СО)
|b Институт экологии человека
|2 stltpush
|3 (RuTPU)RU\TPU\col\16995
|
| 712 |
0 |
2 |
|a Российская академия наук (РАН)
|b Сибирское отделение (СО)
|b Институт угля и углехимии (ИУУ)
|c (Кемерово)
|2 stltpush
|3 (RuTPU)RU\TPU\col\4742
|
| 712 |
0 |
2 |
|a Российская академия наук (РАН)
|b Сибирское отделение (СО)
|b Институт химической биологии и фундаментальной медицины
|2 stltpush
|3 (RuTPU)RU\TPU\col\16996
|
| 712 |
0 |
2 |
|a Национальная академия наук Украины (НАНУ)
|b Донецкий научный центр (ДНЦ)
|2 stltpush
|3 (RuTPU)RU\TPU\col\16998
|
| 712 |
0 |
2 |
|a Донецкий государственный медицинский университет им. М. Горького
|2 stltpush
|3 (RuTPU)RU\TPU\col\16997
|
| 801 |
|
1 |
|a RU
|b 63413507
|c 20101213
|
| 801 |
|
2 |
|a RU
|b 63413507
|c 20120209
|g RCR
|
| 942 |
|
|
|c BK
|
| 959 |
|
|
|a 91/20101213
|d 1
|e 0
|f ЧЗТЛ:1
|